| 000 -CABECERA |
| Campo de control de longitud fija |
04350nam a22003137a 4500 |
| 001 - NÚMERO DE CONTROL |
| Campo de control |
5.562 |
| 003 - IDENTIFICADOR DEL NÚMERO DE CONTROL |
| Campo de control |
OSt |
| 005 - FECHA Y HORA DE LA ÚLTIMA TRANSACCIÓN |
| Campo de control |
20230517154159.0 |
| 008 - CÓDIGOS DE INFORMACIÓN DE LONGITUD FIJA |
| Campo de control de longitud fija |
230517t2010 xxu||||| |||| 00| 0 spa d |
| 020 ## - NÚMERO INTERNACIONAL NORMALIZADO PARA LIBROS (ISBN) |
| Número Internacional Normalizado para Libros (ISBN) |
9789588473895 |
| 040 ## - FUENTE DE LA CATALOGACIÓN |
| Centro que cataloga |
Bogotá (Dr. David Ordóñez Rueda) - Campus Norte |
| Centro catalogador de origen |
Unicoc |
| Lengua de catalogación |
spa |
| Centro modificador |
Bogotá (Dr. David Ordóñez Rueda) - Campus Norte |
| 082 ## - NÚMERO DE LA CLASIFICACIÓN DECIMAL DEWEY |
| Número de clasificación |
617.643 |
| 100 ## - PUNTO DE ACCESO PRINCIPAL - NOMBRE DE PERSONA |
| 9 (RLIN) |
206 |
| Nombre de persona |
Quirós Alvarez, Oscar J. |
| 245 ## - MENCIÓN DE TÍTULO |
| Título |
Ortopedia funcional de los maxilares y ortodoncia interceptiva |
| Mención de responsabilidad etc. |
/ Oscar Quirós Álvarez |
| 260 ## - PUBLICATION, DISTRIBUTION, ETC. (IMPRINT) |
| Lugar de publicación distribución etc. |
Caracas: |
| Nombre del editor distribuidor etc. |
Amolca, |
| Fecha de publicación distribución etc. |
2010 |
| 300 ## - DESCRIPCIÓN FÍSICA |
| Extensión |
112 p. |
| Otras características físicas |
il., col. |
| 500 ## - NOTA GENERAL |
| Nota general |
Incluye índice |
| 504 ## - NOTA DE BIBLIOGRAFÍA; ETC. |
| Nota de bibliografía etc. |
Referencias bibliográficas (p. 110-112) |
| 505 ## - NOTA DE CONTENIDO CON FORMATO |
| Nota de contenido con formato |
-- |
| Título |
Parte 3.- Aparatos de ortopedia funcional Pantalla oral o placa vestibular - Lip bumper - Activador de Adresen-Haulp -Bionator - Aparatos de Bimler - Simóes Network - Aparatos de Frankel - Frankel I - Frankel II - Frankel III - Frankel IV Posicionador mandibular activo (Quirós-Crespo) - Aparato de Neville Bass Aparato estabilizador postratamiento funcional de Waveney Bloque posterior de intrusión para corrección de mordidas abiertas -- |
| -- |
Parte 2.- Aparatos de ortodoncia interceptiva El aparato removible en ortodoncia - Placa acrílica - Plano de mordida anterior Plano inclinado de mordida - Planos de mordida posterior - Férulas acrílicas Placas planas Retenedores - Gancho interproximal en punta de flecha. Gancho de ojalillo - Gancho en punta de bola - Gancho contorneado Gancho Duyzing - Gancho flecha de Schwarz - Arcos cortos de retención Gancho en abrazadera - Gancho de Adams - Gancho en clip Topes oclusales - Topes o stops Resortes - Principios básicos del movimiento dental - Resorte de Coffin - Resortes para movimiento vestibular Resorte de extremo libre o resorte cantilever Resorte cantilever doble - Resorte en manivela - Resorte en Z Resorte en T - Arco lingual de alineamiento - Arco lingual de protrusión Resortes para movimiento palatino o lingual - Resortes para incisivos. Resortes para caninos y premolares - Resortes para molares Resortes para movimiento mesial o distal - Retractor de caninos Movimiento distal de caninos y premolares Cierre de diastemas - Resortes de Benac - Resortes para extruir dientes Resortes para intruir dientes - Reganadores de espacio Reganador en silla de montar - Reganador con resorte de doble espira Arcos vestibulares - Arco de Hawley - Arco vestibular de asas anchas Arco inverso - Arco de Roberts - Arco de retención con control de caninos Arco en delantal - Arco de Mills - Arco seccional - Arco de Eschler Tornillos de expansión - Expansor bilateral.- Expansor unilateral Expansor en abanico - Expansión sagital (distalización.) Expansión anterior - Ganchos auxiliares para elásticos Quad Helix y Quad Action - Mantenedores de espacio Arco lingual - Arco de Nance - Barra transpalatal Mantenedores de espacio removibles - Interceptores de hábitos -- |
| -- |
Parte 3.- Aparatos de ortopedia funcional Pantalla oral o placa vestibular - Lip bumper - Activador de Adresen-Haulp -Bionator - Aparatos de Bimler - Simóes Network - Aparatos de Frankel - Frankel I - Frankel II - Frankel III - Frankel IV Posicionador mandibular activo (Quirós-Crespo) - Aparato de Neville Bass Aparato estabilizador postratamiento funcional de Waveney Bloque posterior de intrusión para corrección de mordidas abiertas -- |
| 526 ## - NOTA DE INFORMACIÓN SOBRE EL PROGRAMA DE ESTUDIO |
| Institución que aplica el campo |
Unicoc |
| 546 ## - NOTA DE LENGUA |
| Nota de lengua |
Español |
| 650 #0 - PUNTO DE ACCESO ADICIONAL DE MATERIA - TÉRMINO DE MATERIA |
| 9 (RLIN) |
186 |
| Término de materia o nombre geográfico como elemento inicial |
Ortopedia maxilar |
| 650 #0 - PUNTO DE ACCESO ADICIONAL DE MATERIA - TÉRMINO DE MATERIA |
| 9 (RLIN) |
208 |
| Término de materia o nombre geográfico como elemento inicial |
Ortodoncia interceptiva |
| 650 #0 - PUNTO DE ACCESO ADICIONAL DE MATERIA - TÉRMINO DE MATERIA |
| 9 (RLIN) |
173 |
| Término de materia o nombre geográfico como elemento inicial |
Maloclusión |
| 650 #0 - PUNTO DE ACCESO ADICIONAL DE MATERIA - TÉRMINO DE MATERIA |
| 9 (RLIN) |
178 |
| Término de materia o nombre geográfico como elemento inicial |
Aparatos ortodóncicos |
| 658 #0 - TÉRMINO DE INDIZACIÓN - OBJETIVO CURRICULAR |
| 9 (RLIN) |
8069 |
| Programa Académico |
Pregrado en Odontología |
| 658 #0 - TÉRMINO DE INDIZACIÓN - OBJETIVO CURRICULAR |
| 9 (RLIN) |
7834 |
| Programa Académico |
Especialización en Ortodoncia y Ortopedia Maxilar |
| 942 ## - ENTRADA PARA ELEMENTOS AGREGADOS (KOHA) |
| Fuente de clasificación o esquema de ordenación en estanterías |
|
| Koha [por defecto] tipo de item |
Libro |